Normal view
MARC view
- Electric fields
Entry Topical Term
001 - CONTROL NUMBER
- control field: 96067
003 - CONTROL NUMBER IDENTIFIER
- control field: NUST
005 - DATE AND TIME OF LATEST TRANSACTION
- control field: 20220801141043.0
008 - FIXED-LENGTH DATA ELEMENTS
- fixed length control field: 220801|| aca||aabn | a|a d
040 ## - CATALOGING SOURCE
- Original cataloging agency: NUST
- Transcribing agency: NUST
150 ## - HEADING--TOPICAL TERM
- Topical term or geographic name entry element: Electric fields
- General subdivision: Measurement
670 ## - SOURCE DATA FOUND
- Source citation: Work cat.: (NUST)175427: Steele, Charles W. 96066, Numerical computation of electric and magnetic fields /, c1997.
